000 00574 a2200181 4500
020 _a0070380236
040 _aDLC
_bDLC
082 0 _a512.5
100 1 0 _aLipschutz, Seymour.
245 1 0 _a3000 solved problems in linear algebra
_cSeymour Lipschutz.
260 0 _aNew York :
_bMcGraw-Hill,
_cc1989.
300 _avii, 480 p. :
_bill. ;
_c28 cm.
440 0 _aSchaum's solved problems series
650 0 _aAlgebras, Linear
_xProblems, exercises, etc.
740 0 1 _aThree thousand solved problems in linear algebra.
740 0 1 _aLinear algebra.
942 _cBK
_k512.5 LIP
_2ddc
999 _c8056
_d8056